banner-ar

الملائكة الابرياء / (Record no. 40973)

MARC details
000 -الفاتح
حقل البيانات ثابتة الطول 00632nam a2200193Ia 4500
008 - عناصر البيانات ثابتة الطول - معلومات عامة
حقل البيانات ثابتة الطول 140319s9999 xx 000 0 ara d
040 ## - مصدر الفهرسة
وكالة الفهرسة الأصلية GCL /
وكالة النسخ GCL
082 04 - رقم تصنيف ديوى العشرى
رقم التصنيف 863.03
رقم المادة د م
100 1# - المدخل الرئيسى - إسم شخصى
الإسم الشخصى دوليبس، ميجيل
245 10 - بيان العنوان
العنوان الملائكة الابرياء /
بيان المسئوليه,etc دوليبس، ميجيل
700 1# - المدخل الاضافى - اسم شخصى
الإسم الشخصى على عبدالرؤوف البمبى (ترجمة)
300 ## - الوصف المادى
التعداد 197 ص
490 ## - بيان السلسلة
عنوان السلسلة الرواية العالمية
رقم المجلد/ التعيين التسلسلي 0
650 04 - المدخل الاضافى بالموضوع-مصطلح موضوعى
مصطلح موضوعي الادب العالمى المترجم
650 04 - المدخل الاضافى بالموضوع-مصطلح موضوعى
مصطلح موضوعي الادب الاسبانى المترجم
650 04 - المدخل الاضافى بالموضوع-مصطلح موضوعى
مصطلح موضوعي القصص الاسبانية
942 ## - عناصر المدخل الإضافي( كوها)
مصدر التصنيف او مخطط الترفيف Dewey Decimal Classification
Koha [default] item type كتاب
Holdings
حالة التراجع حالة الفقد حالة تلف ليس للاعارة المكان المؤقت الموقع الحالى تاريخ الاكتساب اجمالي اﻻعارات رقم الطلب الباركود تاريخ اخر مشاهدة تاريخ تفعيل السعر نوع وعاء كوها
        مكتبة القاهرة الكبرى مكتبة القاهرة الكبرى 03/26/2014   863.03\د م 98842 03/26/2014 03/26/2014 كتاب

Powered By

EGPV